[Event "WYCC U16 Open 2013"]
[Site "Al-Ain UAE"]
[Date "2013.12.19"]
[Round "2.9"]
[White "Sibashvili, Giorgi"]
[Black "Dastan, Muhammed Batuhan"]
[Result "0-1"]
[BlackTitle "IM"]
[WhiteElo "2173"]
[BlackElo "2409"]
[WhiteFideId "13602799"]
[BlackFideId "6300014"]
[EventDate "2013.12.18"]

1. d4 f5 2. Nc3 d5 3. Bf4 a6 4. e4 fxe4 5. f3 Nf6 6. fxe4 dxe4 7. Nge2 Bf5 8. h3
e6 9. g4 Bg6 10. Bg2 Be7 11. O-O O-O 12. Be5 Nc6 13. Nf4 Bf7 14. Bxe4 Nxe5 15.
dxe5 Bc5+ 16. Kh1 Nxe4 17. Qxd8 Ng3+ 18. Kg2 Raxd8 19. Kxg3 Bd4 20. Rae1 b6 21.
h4 Bxc3 22. bxc3 Rd2 23. Rf2 Rfd8 24. Kf3 Kf8 25. Nd3 Rxf2+ 26. Kxf2 Ke7 27. Nb4
Be8 28. Ke3 Bb5 29. c4 a5 30. cxb5 axb4 31. Rb1 Rd5 32. Rxb4 Rxe5+ 33. Kf4 Rc5
34. c4 h5 35. Ra4 hxg4 36. Kxg4 Kf6 37. Kf4 Rf5+ 38. Kg4 Ke5 39. Ra3 0-1

[Event "WYCC U16 Open 2013"]
[Site "Al-Ain UAE"]
[Date "2013.12.19"]
[Round "2.10"]
[White "Percivaldi, Martin"]
[Black "Sanal, Vahap"]
[Result "0-1"]
[BlackTitle "IM"]
[WhiteElo "2169"]
[BlackElo "2397"]
[WhiteFideId "1508148"]
[BlackFideId "6300545"]
[EventDate "2013.12.18"]

1. d4 d6 2. c4 e5 3. Nf3 e4 4. Ng5 f5 5. g3 Be7 6. Nh3 Nf6 7. Bg2 O-O 8. O-O c6
9. Nc3 Na6 10. Bg5 Nc7 11. f3 Ne6 12. Bxf6 Bxf6 13. e3 exf3 14. Bxf3 Qe7 15. Qd3
Bd7 16. Nf4 Rae8 17. Nxe6 Qxe6 18. e4 Bg5 19. Rae1 Qh6 20. Bg2 f4 21. Ne2 fxg3
22. Nxg3 Bd2 23. Re2 Rxf1+ 24. Nxf1 Bf4 25. Qb3 Qf6 26. Qd3 g6 27. b4 Rf8 28. c5
Bg4 29. Rc2 Kg7 30. h3 Bc8 31. cxd6 Qxd6 32. Qc3 Rd8 33. d5+ Be5 34. Qc4 cxd5
35. exd5 Bf5 36. Re2 Rc8 37. Qb5 b6 38. Qa4 Rc7 39. Qb5 Bd4+ 40. Kh1 Rc1 41. Qe8
Qf4 42. Qe7+ Kh6 43. Re1 Qf2 44. Qf8+ Kg5 45. Ng3 Qxg3 46. Rxc1 Be5 0-1

[Event "WYCC U16 Open 2013"]
[Site "Al-Ain UAE"]
[Date "2013.12.19"]
[Round "2.11"]
[White "Vorontsov, Pavlo"]
[Black "Bayramov, Elkhan Khayyat"]
[Result "1-0"]
[WhiteTitle "FM"]
[WhiteElo "2392"]
[BlackElo "2173"]
[WhiteFideId "14116367"]
[BlackFideId "13400525"]
[EventDate "2013.12.18"]

1. e4 e6 2. d4 c5 3. Nf3 cxd4 4. Nxd4 Nf6 5. Nc3 d6 6. Be3 Be7 7. Be2 O-O 8. O-O
Nc6 9. f4 e5 10. Nb3 a5 11. a4 Nb4 12. Qd2 exf4 13. Rxf4 Nd7 14. Rf2 Ne5 15. Nd4
Bg4 16. Nf5 Bxe2 17. Qxe2 Bg5 18. Rd1 Ra6 19. Bc5 dxc5 20. Rxd8 Rxd8 21. Nd5 c4
22. h4 Bc1 23. Qd1 Nxd5 24. Qxc1 Nf6 25. Rd2 Re8 26. Rd6 Nxe4 27. Rxa6 bxa6 28.
Qf4 c3 29. Qxe4 cxb2 30. Qb7 Nc4 31. Kf2 g6 32. Nd4 Re4 33. Ne2 Re3 34. h5 Kg7
35. hxg6 hxg6 36. g3 Ra3 37. Qb8 Rxa4 38. Nc3 Ra3 39. Nb1 Ra1 40. Qb3 Rxb1 41.
Qxc4 Kg8 42. Qa2 Rd1 43. Qxb2 Rd5 44. c4 1-0

[Event "WYCC U16 Open 2013"]
[Site "Al-Ain UAE"]
[Date "2013.12.19"]
[Round "2.12"]
[White "Wang, Yiye"]
[Black "Ali Marandi, Cemil Can"]
[Result "1/2-1/2"]
[BlackTitle "IM"]
[WhiteElo "2408"]
[BlackElo "2391"]
[WhiteFideId "8606021"]
[BlackFideId "6300529"]
[EventDate "2013.12.18"]

1. e4 e6 2. d4 d5 3. Nd2 c5 4. exd5 exd5 5. Ngf3 a6 6. Be2 c4 7. O-O Bd6 8. b3
cxb3 9. axb3 Ne7 10. Re1 O-O 11. Bd3 Nbc6 12. c3 Bf5 13. Qc2 Qd7 14. Ba3 Bxa3
15. Rxa3 Bxd3 16. Qxd3 Rfe8 17. Ne5 Nxe5 18. dxe5 Ng6 19. Qd4 Nf8 20. Ra5 Red8
21. Nf3 Ne6 22. Qd1 Rac8 23. Re3 d4 24. cxd4 Nxd4 25. Ra1 Qg4 26. h3 Nxf3+ 27.
Qxf3 Qxf3 28. Rxf3 Rd5 1/2-1/2

[Event "WYCC U16 Open 2013"]
[Site "Al-Ain UAE"]
[Date "2013.12.19"]
[Round "2.13"]
[White "Pomini, Aurelien"]
[Black "Harutyunian, Tigran K."]
[Result "0-1"]
[BlackTitle "FM"]
[WhiteElo "2165"]
[BlackElo "2390"]
[WhiteFideId "1320831"]
[BlackFideId "13303635"]
[EventDate "2013.12.18"]

1. e4 e5 2. Nf3 Nc6 3. d4 exd4 4. Bc4 Nf6 5. e5 d5 6. Bb5 Ne4 7. Nxd4 Bd7 8.
Bxc6 bxc6 9. O-O Be7 10. f3 Nc5 11. f4 Ne4 12. f5 O-O 13. Nd2 Bc5 14. Nb3 Bb6
15. Qh5 c5 16. Nf3 c4+ 17. Nbd4 g6 18. Qh6 Bxf5 19. Kh1 f6 20. Nxf5 gxf5 21. h3
Ng3+ 0-1

[Event "WYCC U16 Open 2013"]
[Site "Al-Ain UAE"]
[Date "2013.12.19"]
[Round "2.14"]
[White "Bodek, Michael H"]
[Black "Chandran, Kapil"]
[Result "1-0"]
[WhiteTitle "FM"]
[WhiteElo "2382"]
[BlackElo "2171"]
[WhiteFideId "2043858"]
[BlackFideId "2034077"]
[EventDate "2013.12.18"]

1. e4 c5 2. Nf3 e6 3. Nc3 a6 4. g3 b5 5. d4 cxd4 6. Nxd4 Bb7 7. Bg2 Ne7 8. O-O
Nbc6 9. Bg5 Nxd4 10. Qxd4 Nc6 11. Qd2 Qc7 12. Bf4 Ne5 13. Rfd1 d6 14. a4 Nc4 15.
Qc1 b4 16. Na2 e5 17. Bd2 a5 18. Be1 Nb6 19. b3 Be7 20. c3 bxc3 21. Nxc3 O-O 22.
Nb5 Qc5 23. Qb2 Nc8 24. Bd2 Bc6 25. Be3 Qb4 26. Bd2 Qc5 27. Nc7 Ra7 28. Be3 Qb4
29. Bxa7 Nxa7 30. Nd5 Bxd5 31. Rxd5 Nc6 32. Rb5 Qd4 33. Qxd4 Nxd4 34. Rb7 Bg5
35. Bf1 Bd2 36. Bc4 g5 37. Kg2 Kg7 38. Rd1 Bb4 39. f4 Nc2 40. Kf3 g4+ 41. Ke2
Nd4+ 42. Kf1 Bc5 43. fxe5 dxe5 44. Rd7 Bb4 45. Kg2 Kg6 46. Bd5 f6 47. Rc1 Rb8
48. Rcc7 Bf8 49. Rb7 Rxb7 50. Rxb7 h5 51. Bf7+ Kg5 52. Rb8 Be7 53. Re8 Bc5 54.
Rg8+ Kh6 55. Rg6+ Kh7 56. Rxf6 Kg7 57. Rf1 Nc2 58. Rc1 Ne3+ 59. Kh1 Ba3 60. Rc7 1-0

[Event "WYCC U16 Open 2013"]
[Site "Al-Ain UAE"]
[Date "2013.12.19"]
[Round "2.15"]
[White "Rydstrom, Tom"]
[Black "Akhmetov, Ayan"]
[Result "0-1"]
[WhiteElo "2156"]
[BlackElo "2382"]
[WhiteFideId "1714830"]
[BlackFideId "13703706"]
[EventDate "2013.12.18"]

1. e4 e6 2. d4 d5 3. Nc3 Bb4 4. e5 c5 5. a3 Ba5 6. b4 cxd4 7. Qg4 Ne7 8. bxa5
dxc3 9. Qxg7 Rg8 10. Qxh7 Nbc6 11. Nf3 Qc7 12. Bf4 Bd7 13. Qd3 Nxa5 14. Be2 a6
15. O-O Rg4 16. Bg5 Ng6 17. h4 Bb5 18. Qd1 Bxe2 19. Qxe2 Re4 20. Qd3 Nxe5 21.
Nxe5 Qxe5 22. f4 Qc7 23. f5 Qc5+ 24. Kh1 e5 25. Rad1 Rd4 26. Qe2 Nc4 27. Qh5
Rxd1 28. Rxd1 Rc8 29. Qh8+ Kd7 30. Qf6 d4 31. Qxf7+ Kc6 32. h5 Nd6 33. Qg6 e4
34. f6 Qd5 35. f7 Qxf7 36. Qxf7 Nxf7 37. Bf6 d3 38. Kg1 Kb5 39. Bd4 Kc4 40. Be3
Ne5 41. h6 Ng4 0-1

[Event "WYCC U16 Open 2013"]
[Site "Al-Ain UAE"]
[Date "2013.12.19"]
[Round "2.16"]
[White "Gorbanovsky, Oleg"]
[Black "Das, Sayantan"]
[Result "0-1"]
[BlackTitle "IM"]
[WhiteElo "2147"]
[BlackElo "2377"]
[WhiteFideId "13903829"]
[BlackFideId "5034426"]
[EventDate "2013.12.18"]

1. e4 e5 2. Nf3 Nc6 3. Bb5 a6 4. Ba4 Nf6 5. O-O b5 6. Bb3 Be7 7. Re1 d6 8. c3
O-O 9. h3 Nd7 10. d4 Bf6 11. Bd5 Bb7 12. dxe5 dxe5 13. Be3 Nb6 14. Bxb6 cxb6 15.
Nbd2 Qc7 16. Nf1 Rfd8 17. Qe2 Ne7 18. Bxb7 Qxb7 19. N3h2 h5 20. Rad1 Ng6 21. g3
Qc6 22. h4 Qe6 23. a3 Qb3 24. Nf3 Ne7 25. Ne3 a5 26. Rb1 g6 27. Red1 Bg7 28. Nd2
Qa2 29. Nf3 Qb3 30. Nd2 Qa2 31. c4 b4 32. axb4 axb4 33. Nd5 Nc6 34. Nf3 Qa5 35.
Qe3 Qc5 36. Nxb6 Qxe3 37. fxe3 Rxd1+ 38. Rxd1 Ra6 39. c5 Bf8 40. Nd7 Be7 41.
Nfxe5 Nxe5 42. Nxe5 Bxc5 43. Nc4 Be7 44. Rd7 Kf8 45. Kf2 Ra1 46. Rc7 Rc1 47.
Rc8+ Kg7 48. Rc6 b3 49. Ne5 Rc2+ 50. Kf3 Bb4 51. Nc4 Bd2 52. e5 Bc1 53. Na5 Bxb2
54. Rb6 Bxe5 55. Nxb3 Rc3 56. Rb5 Bf6 57. Nd2 Rd3 58. Ke2 Rd7 59. Rb3 Be5 60. e4
Re7 61. Rd3 f6 62. Kf3 g5 63. Nf1 Rc7 64. Rd2 Rc4 65. Re2 Kg6 66. hxg5 fxg5 67.
Re3 Rc8 68. Kg2 Rc2+ 69. Kh1 g4 70. Rd3 Re2 71. Ne3 Bxg3 72. Kg1 Bf4 73. Nf5 Kf6
74. Nh4 Ke5 0-1

[Event "WYCC U16 Open 2013"]
[Site "Al-Ain UAE"]
[Date "2013.12.19"]
[Round "2.17"]
[White "Wang, Richard"]
[Black "Eggink, Ryszard"]
[Result "1-0"]
[WhiteTitle "IM"]
[WhiteElo "2362"]
[BlackElo "2165"]
[WhiteFideId "2608243"]
[BlackFideId "1125869"]
[EventDate "2013.12.18"]

1. d4 Nf6 2. Nf3 e6 3. e3 b6 4. Bd3 Bb7 5. O-O d5 6. b3 Bd6 7. Bb2 O-O 8. c4 Ne4
9. Nc3 f5 10. Rc1 a6 11. Ne2 Nd7 12. Ne5 Qe7 13. f3 Nef6 14. Qe1 c5 15. Kh1 Bc7
16. Qh4 Rfe8 17. f4 dxc4 18. bxc4 Rad8 19. Ng3 Nxe5 20. fxe5 Ng4 21. Qxe7 Rxe7
22. Rce1 Bxe5 23. Bc2 Bc7 24. Bd1 h5 25. Bxg4 hxg4 26. Nh5 g6 27. Ng3 Rh7 28.
Kg1 Kf7 29. Re2 Ke8 30. Rd1 Rdd7 31. Red2 Rd8 32. d5 Ke7 33. a4 exd5 34. cxd5 b5
35. axb5 axb5 36. e4 fxe4 37. Nxe4 Bxh2+ 38. Kf2 Bf4 39. Bf6+ Kd7 40. Nxc5+ Kc8
41. Rd4 Rf7 42. Rxf4 Rxd5 43. Rxd5 Bxd5 44. g3 Kc7 45. Ke3 Kc6 46. Nd3 1-0

[Event "WYCC U16 Open 2013"]
[Site "Al-Ain UAE"]
[Date "2013.12.19"]
[Round "2.18"]
[White "Foo, William J"]
[Black "Saiyn, Zhanat"]
[Result "0-1"]
[BlackTitle "FM"]
[WhiteElo "2144"]
[BlackElo "2360"]
[WhiteFideId "419753"]
[BlackFideId "13703820"]
[EventDate "2013.12.18"]

1. e4 c5 2. Nf3 e6 3. d4 cxd4 4. Nxd4 Nc6 5. Nc3 Qc7 6. Be3 a6 7. f4 Nxd4 8.
Qxd4 b5 9. Be2 Bb7 10. Bf3 Rc8 11. a3 Ne7 12. O-O Nc6 13. Qd3 Be7 14. e5 d6 15.
exd6 Bxd6 16. Ne4 Be7 17. b4 Rd8 18. Qc3 O-O 19. Rac1 a5 20. Nc5 axb4 21. axb4
Ba8 22. Qe1 Nxb4 23. Qxb4 Bxf3 24. Rxf3 Rc8 25. Qxb5 Bxc5 26. Qxc5 Qxc5 27. Bxc5
Rxc5 28. c4 Rfc8 29. Rfc3 Kf8 30. Kf2 Ke7 31. Ke3 Rd8 32. Rb1 Rdc8 33. Kd4 R5c7
34. c5 Rd8+ 35. Kc4 Rd2 36. Rb5 Rxg2 37. Kb4 Kd7 38. Rd3+ Kc8 39. Ka5 Ra2+ 40.
Kb6 Rb7+ 41. Kc6 Rxb5 42. Kxb5 Kc7 43. h3 Rb2+ 44. Kc4 Ra2 45. Kb5 Ra1 46. Rg3
g6 47. Rd3 h6 48. Rg3 Rb1+ 49. Kc4 Kc6 50. Ra3 Rc1+ 51. Kd4 Rxc5 52. Ra6+ Kb5
53. Ra7 Rf5 54. Ke4 g5 55. fxg5 hxg5 56. Rc7 Kb6 57. Rc2 Rc5 58. Rd2 f5+ 59. Kd3
Ra5 60. Re2 e5 61. Rg2 Ra3+ 62. Kc4 Rxh3 63. Rxg5 Rf3 64. Rg6+ Kc7 65. Kd5 e4
66. Re6 Kd7 67. Rf6 Ke7 68. Ra6 Kf7 69. Kd4 Kg7 70. Rb6 e3 71. Ra6 f4 72. Ra3
Rf2 73. Rb3 e2 0-1

[Event "WYCC U16 Open 2013"]
[Site "Al-Ain UAE"]
[Date "2013.12.19"]
[Round "2.19"]
[White "Faizrakhmanov, Ramil"]
[Black "Pamatmat, Jarod M"]
[Result "1/2-1/2"]
[WhiteTitle "FM"]
[WhiteElo "2357"]
[BlackElo "2164"]
[WhiteFideId "24103209"]
[BlackFideId "2029685"]
[EventDate "2013.12.18"]

1. d4 Nf6 2. c4 e6 3. Nf3 d5 4. Nc3 Bb4 5. Qa4+ Nc6 6. Bg5 h6 7. Bxf6 Qxf6 8. e3
O-O 9. Qb3 dxc4 10. Bxc4 Bd6 11. Bd3 e5 12. Ne4 Qe7 13. Nxd6 Qxd6 14. dxe5 Nxe5
15. Be2 Be6 16. Qc3 Nxf3+ 17. Bxf3 c6 18. O-O Rfd8 19. Rfd1 Qe7 20. a3 Rxd1+ 21.
Rxd1 Rd8 22. Rxd8+ Qxd8 23. h3 Qg5 24. Qb4 b6 25. Qa4 Qf6 26. Qxc6 Qxb2 27. Qa8+
Kh7 28. Qxa7 Qa1+ 29. Kh2 Qe5+ 30. g3 Qf5 31. Qb7 g6 32. h4 h5 33. Qc6 Qb1 34.
Qc3 Qf1 35. Qb2 Qa6 36. Kg2 Qa5 37. Qb4 Qa6 38. Be4 Qa7 39. Qf8 Qc7 40. Qb4 Kg7
41. Qb2+ Kg8 42. Qd4 Kh7 43. Qf6 Qd6 44. Qg5 Kg7 45. Bf3 Qxa3 46. Bxh5 Qa8+ 47.
Kh2 Qe4 48. Be2 Bd5 49. f3 Qc2 50. Qe5+ Kg8 51. Qxd5 Qxe2+ 52. Kh3 Qxe3 53. f4
Kg7 54. f5 Qc5 55. Qxc5 bxc5 56. Kg4 c4 57. Kf4 c3 58. Ke3 Kf6 59. fxg6 fxg6 60.
g4 Ke5 61. h5 gxh5 62. gxh5 Kf5 63. Kd3 Kg5 64. Kxc3 Kxh5 1/2-1/2

[Event "WYCC U16 Open 2013"]
[Site "Al-Ain UAE"]
[Date "2013.12.19"]
[Round "2.20"]
[White "Nazarov, Rustem"]
[Black "Tran, Tuan Minh"]
[Result "0-1"]
[BlackTitle "FM"]
[WhiteElo "2136"]
[BlackElo "2330"]
[WhiteFideId "14002280"]
[BlackFideId "12401820"]
[EventDate "2013.12.18"]

1. e4 c5 2. Nf3 d6 3. d4 cxd4 4. Nxd4 Nf6 5. Nc3 a6 6. Be3 e5 7. Nb3 Be6 8. f3
Be7 9. Qd2 Nbd7 10. O-O-O b5 11. g4 O-O 12. g5 Nh5 13. Nd5 Bxd5 14. exd5 b4 15.
Bh3 a5 16. Kb1 Nb6 17. Bf1 Qc7 18. Qd3 a4 19. Nd2 a3 20. b3 Nf4 21. Bxf4 exf4
22. h4 Ra5 23. c4 bxc3 24. Nc4 Rxd5 25. Qc2 Rxd1+ 26. Qxd1 d5 27. Nxb6 Qxb6 28.
Bd3 g6 29. Bc2 Rd8 30. Rh2 Bf8 31. h5 Re8 32. hxg6 hxg6 33. Rh1 Re5 34. Qd3 Qc5 0-1

[Event "WYCC U16 Open 2013"]
[Site "Al-Ain UAE"]
[Date "2013.12.19"]
[Round "2.21"]
[White "Bellahcene, Bilel"]
[Black "Daskalov, Dimitar"]
[Result "1/2-1/2"]
[WhiteTitle "FM"]
[WhiteElo "2311"]
[BlackElo "2156"]
[WhiteFideId "696358"]
[BlackFideId "2902800"]
[EventDate "2013.12.18"]

1. e4 e5 2. Nf3 Nf6 3. Nxe5 d6 4. Nf3 Nxe4 5. Nc3 Nxc3 6. dxc3 Be7 7. Be3 Nc6 8.
Qd2 O-O 9. O-O-O Ne5 10. h4 Bg4 11. Be2 Qc8 12. h5 Re8 13. Kb1 a6 14. Bd4 Bf8
15. h6 g6 16. Qf4 Qf5 17. Qg3 Nxf3 18. Bd3 Qd5 19. Qxg4 Nxd4 20. cxd4 Qe6 21.
Qg3 Re7 22. f4 Rae8 23. f5 Qe3 24. Qh4 d5 25. a3 g5 26. Qg4 f6 27. c4 c6 28.
cxd5 cxd5 29. Rh3 Qf2 30. Rf3 Qh4 31. Qxh4 gxh4 32. Bc2 Bxh6 33. Bb3 Rd7 34. Rc3
Re3 35. Rxe3 Bxe3 36. Kc2 Kg7 37. Kd3 Bf4 38. Rf1 Bg3 39. Rc1 Kh6 40. Rc5 Kg5
41. Rxd5 Rxd5 42. Bxd5 b6 43. Ke4 Bf4 44. b3 Bc1 45. a4 a5 46. Bg8 h6 47. Kd5
Bb2 48. Kc4 Kxf5 49. d5 Be5 50. Kb5 1/2-1/2

[Event "WYCC U16 Open 2013"]
[Site "Al-Ain UAE"]
[Date "2013.12.19"]
[Round "2.22"]
[White "Rohan, Ahuja"]
[Black "Enkhnar, Enkhbaatar"]
[Result "1/2-1/2"]
[WhiteElo "2128"]
[BlackElo "2309"]
[WhiteFideId "5090598"]
[BlackFideId "4900324"]
[EventDate "2013.12.18"]

1. Nf3 c5 2. g3 b6 3. Bg2 Bb7 4. c4 Nf6 5. O-O g6 6. b3 Bg7 7. Bb2 O-O 8. e3 d5
9. Qe2 Nc6 10. d4 cxd4 11. Nxd4 Nxd4 12. Bxd4 Qc7 13. cxd5 Bxd5 14. Bxd5 Nxd5
15. Bxg7 Kxg7 16. Qb2+ Nf6 17. Nd2 Qb7 18. Rac1 Rfd8 19. Rfd1 Kg8 20. Nc4 Qf3
21. Rd4 Ng4 22. Ne5 Nxe5 23. Rxd8+ Rxd8 24. Qxe5 Qb7 25. e4 Rd6 26. Rc4 Qd7 27.
Qc3 f6 28. Rc7 Qe6 29. Qc4 Qxc4 30. bxc4 a5 31. Rxe7 Rc6 32. Rb7 Rxc4 33. Rxb6
Rxe4 34. Rxf6 Ra4 1/2-1/2

[Event "WYCC U16 Open 2013"]
[Site "Al-Ain UAE"]
[Date "2013.12.19"]
[Round "2.23"]
[White "Basso, Pier Luigi"]
[Black "Petr, Jan2"]
[Result "1-0"]
[WhiteElo "2303"]
[BlackElo "2151"]
[WhiteFideId "866970"]
[BlackFideId "345784"]
[EventDate "2013.12.18"]

1. d4 Nf6 2. c4 c5 3. d5 b5 4. cxb5 a6 5. b6 Qxb6 6. Nc3 g6 7. Nf3 d6 8. e4 Bg7
9. Be2 Bd7 10. O-O Bb5 11. e5 dxe5 12. Nxe5 O-O 13. Qb3 Qd6 14. Nc4 Bxc4 15.
Qxc4 Nbd7 16. Bf4 Ne5 17. Bxe5 Qxe5 18. Qxc5 Ne4 19. Nxe4 Qxe4 20. Bf3 Qf4 21.
Qxe7 Bxb2 22. Rae1 Qa4 23. d6 Rae8 24. Qb7 Rxe1 25. Rxe1 Bd4 26. Qe4 Rd8 27. Qe7
Qd7 28. Bd5 Kg7 29. Bxf7 Bf6 30. Qxd7 Rxd7 31. Bb3 Rxd6 32. Re2 g5 33. g3 Bd4
34. Re7+ Kf8 35. Rxh7 Rf6 36. Kg2 g4 37. Rh8+ Ke7 38. Rh7+ Kf8 39. f4 gxf3+ 40.
Kf1 f2 41. Rh8+ Ke7 42. Rh7+ Kd6 43. Rf7 Rxf7 44. Bxf7 Ke7 45. Bc4 a5 46. a4 Kf6
47. Kg2 Kg5 48. Be2 Bc5 49. h4+ Kg6 50. g4 Bd4 51. Kg3 Bc5 52. g5 Kf5 53. Bd3+
Ke5 54. Kg4 Be3 55. h5 Ke6 56. h6 Kf7 57. g6+ Kg8 58. Bc4+ 1-0

[Event "WYCC U16 Open 2013"]
[Site "Al-Ain UAE"]
[Date "2013.12.19"]
[Round "2.24"]
[White "Todorovic, Nenad I"]
[Black "Stathopoulos, Ioannis"]
[Result "1/2-1/2"]
[BlackTitle "FM"]
[WhiteElo "2125"]
[BlackElo "2297"]
[WhiteFideId "912832"]
[BlackFideId "4223098"]
[EventDate "2013.12.18"]

1. e4 c5 2. Nf3 d6 3. d4 cxd4 4. Nxd4 Nf6 5. Nc3 a6 6. Be3 e6 7. f3 b5 8. Qd2
Nbd7 9. g4 h6 10. O-O-O b4 11. Nce2 Qc7 12. h4 d5 13. Bf4 e5 14. Bh2 dxe4 15. g5
hxg5 16. hxg5 Rxh2 17. Rxh2 exd4 18. Rh8 d3 19. gxf6 Nxf6 20. fxe4 dxe2 21. Bxe2
Be6 22. Qxb4 Nd7 23. Rxd7 Kxd7 24. Rxf8 Rxf8 25. Qxf8 Qh2 26. Bxa6 Qg1+ 27. Kd2
Qf2+ 28. Kc3 Qe1+ 29. Kd4 Qf2+ 30. Kc3 Qe1+ 1/2-1/2

[Event "WYCC U16 Open 2013"]
[Site "Al-Ain UAE"]
[Date "2013.12.19"]
[Round "2.25"]
[White "Kourkoulos-Arditis, Stamatis"]
[Black "Nastase, Robert-Paul"]
[Result "0-1"]
[WhiteElo "2297"]
[BlackElo "2141"]
[WhiteFideId "4221990"]
[BlackFideId "1221175"]
[EventDate "2013.12.18"]

1. Nf3 d5 2. g3 Nf6 3. Bg2 e6 4. c4 c6 5. O-O Bd6 6. d4 O-O 7. Nc3 Nbd7 8. Nd2
Qe7 9. Re1 c5 10. dxc5 Bxc5 11. cxd5 exd5 12. e4 Ne5 13. Nf1 Bg4 14. Qb3 Bxf2+
15. Kxf2 Nd3+ 16. Kg1 Nxe1 17. Bg5 Nxg2 18. Nxd5 Qxe4 19. Bxf6 Be6 20. Ne7+ Kh8
21. Qc3 Rg8 22. Nxg8 Rxg8 23. Qd4 Qf3 24. Nd2 Qxf6 25. Qxf6 gxf6 26. Kxg2 Rc8
27. Kf3 Rc2 28. Nf1 Rxb2 29. a4 a5 30. h4 Bd5+ 31. Ke3 Rb4 32. Kf2 Rb2+ 33. Ke3
Kg7 34. Kd4 Bc6 35. Ne3 Rb4+ 36. Kc5 Bxa4 37. Nf5+ Kf8 38. Kd6 b6 39. Rc1 Be8
40. Rc8 a4 41. Ra8 Rc4 42. h5 Rc5 43. g4 Ra5 44. Rb8 Ra7 45. Kd5 b5 46. Nd6 Re7
47. Kc5 h6 48. Kb4 Re3 49. Ra8 Re6 50. Nf5 Re4+ 51. Kc3 b4+ 52. Kd3 Re5 53. Nxh6
Kg7 54. Nf5+ Kh7 55. Kc4 b3 56. Kc3 Rc5+ 57. Kb2 Rc2+ 58. Kb1 Bd7 59. Ra7 Rd2
60. Ng3 Bb5 61. Rb7 a3 0-1

[Event "WYCC U16 Open 2013"]
[Site "Al-Ain UAE"]
[Date "2013.12.19"]
[Round "2.26"]
[White "Huber, Martin Christian"]
[Black "Cortes Orihuela, Javier"]
[Result "0-1"]
[WhiteElo "2290"]
[BlackElo "2131"]
[WhiteFideId "1623435"]
[BlackFideId "3414329"]
[EventDate "2013.12.18"]

1. d4 Nf6 2. c4 g6 3. Nc3 d5 4. cxd5 Nxd5 5. e4 Nxc3 6. bxc3 Bg7 7. Be3 c5 8.
Rc1 Qa5 9. Qd2 cxd4 10. cxd4 Qxd2+ 11. Bxd2 O-O 12. Nf3 Bg4 13. Be3 Bxf3 14.
gxf3 e6 15. Bb5 a6 16. Ba4 b5 17. Bb3 a5 18. a4 bxa4 19. Bxa4 Na6 20. Ke2 Nb4
21. Rc7 Na6 22. Rd7 Rfd8 23. d5 exd5 24. exd5 Nb4 25. Rd1 Rxd7 26. Bxd7 Rd8 27.
Bc6 Be5 28. Bb6 Rc8 29. Bd7 Rc2+ 30. Kf1 Bd6 31. Bb5 Bc5 32. Bxc5 Rxc5 33. d6
Rxb5 34. d7 Nc6 35. Rc1 Rb7 36. Rxc6 Rxd7 37. Ra6 Rd5 38. Kg2 Rf5 39. Kg3 Kf8
40. Ra7 Ke8 41. f4 Kd8 42. Ra8+ Kc7 43. Rh8 h5 44. h4 Kb6 45. Rb8+ Kc5 46. Rc8+
Kb4 47. Rb8+ Rb5 48. Ra8 a4 49. Kf3 a3 50. Ke4 Ra5 51. Rb8+ Ka4 0-1

[Event "WYCC U16 Open 2013"]
[Site "Al-Ain UAE"]
[Date "2013.12.19"]
[Round "2.27"]
[White "Azarya, Jodi Setyaki"]
[Black "Lamard, Guillaume"]
[Result "1-0"]
[WhiteTitle "CM"]
[BlackTitle "FM"]
[WhiteElo "2112"]
[BlackElo "2288"]
[WhiteFideId "7101589"]
[BlackFideId "600261"]
[EventDate "2013.12.18"]

1. e4 e5 2. Nf3 Nc6 3. Bb5 a6 4. Bxc6 dxc6 5. O-O Bg4 6. h3 Bh5 7. d3 f6 8. Be3
Bd6 9. Nbd2 c5 10. c3 Ne7 11. Qb3 Nc6 12. d4 Bf7 13. Qa4 b5 14. Qc2 c4 15. b3
cxb3 16. axb3 Ne7 17. Rfd1 O-O 18. dxe5 fxe5 19. c4 Ng6 20. c5 Be7 21. Nc4 Qe8
22. Ncxe5 Nxe5 23. Nxe5 Bh5 24. f3 Bh4 25. Ng4 Qe6 26. Rd5 Bf7 27. Bf2 Bxf2+ 28.
Nxf2 Qf6 29. Rdd1 Be6 30. b4 Qg5 31. Qc3 h5 32. e5 Rf5 33. Rd4 Raf8 34. Ne4 Qg6
35. Kh1 Bc8 36. Rd3 Bb7 37. c6 Qxc6 38. Nc5 Bc8 39. e6 Qe8 40. Re1 Qe7 41. Re5
Rf4 42. Rd4 R4f5 43. Qe3 R8f6 44. Rxf5 Rxf5 45. Qe4 Rf8 46. Qe5 Rf6 47. Qxh5
Bxe6 48. Re4 Qf7 49. Qe5 Bd5 50. Rd4 Rf5 51. Qe3 c6 52. Nxa6 Qh5 53. Rf4 Re5 54.
Qc5 Re1+ 55. Kh2 Qe5 56. Qf8+ Kh7 57. Nc5 Rd1 58. Nd7 Qe1 59. Qf5+ Kg8 60. Nf8
Qg1+ 61. Kg3 Qe1+ 62. Kg4 1-0

[Event "WYCC U16 Open 2013"]
[Site "Al-Ain UAE"]
[Date "2013.12.19"]
[Round "2.28"]
[White "Stremavicius, Titas"]
[Black "Kumsiashvili, Nikoloz"]
[Result "1/2-1/2"]
[WhiteElo "2279"]
[BlackElo "2126"]
[WhiteFideId "12804444"]
[BlackFideId "13600621"]
[EventDate "2013.12.18"]

1. g3 Nf6 2. Bg2 d5 3. c4 e6 4. Nf3 d4 5. e3 c5 6. exd4 cxd4 7. O-O Nc6 8. d3 h6
9. Na3 Bd6 10. Nc2 e5 11. b4 O-O 12. c5 Bc7 13. b5 Ne7 14. Re1 Ng6 15. a4 Nd5
16. Bd2 Qe7 17. c6 Qd6 18. Na3 bxc6 19. Nc4 Qf6 20. bxc6 Bf5 21. Nfxe5 Bxe5 22.
Bxd5 Bc7 23. Qf3 Rfe8 24. Rab1 Rxe1+ 25. Rxe1 Rc8 26. Be4 Bxe4 27. Qxe4 Bb6 28.
Ba5 Rxc6 29. Bxb6 axb6 30. Qd5 Rc5 31. Qb7 Rc6 32. Rb1 Qf3 33. Qd7 Nf4 34. Qe8+
Kh7 35. Qe4+ Qxe4 36. dxe4 Ne2+ 37. Kf1 Nc3 38. Rb4 Na2 39. Rb2 Rxc4 40. Rxa2 d3
41. Rd2 Rxa4 42. f3 Rd4 43. Kf2 Rd7 44. Ke3 Kg6 45. Rxd3 Rxd3+ 46. Kxd3 Kf6 47.
f4 Ke6 48. Kc4 Kd6 49. Kb5 Kc7 50. e5 h5 51. f5 Kb7 52. h3 Kc7 53. g4 hxg4 54.
hxg4 g5 55. Kb4 Kc6 56. Kc4 b5+ 57. Kd4 b4 58. Kc4 b3 59. Kxb3 Kd5 60. e6 fxe6
61. f6 Kd6 62. Kc4 1/2-1/2

[Event "WYCC U16 Open 2013"]
[Site "Al-Ain UAE"]
[Date "2013.12.19"]
[Round "2.29"]
[White "Brown, Michael William"]
[Black "Bezuidenhout, Roland"]
[Result "1-0"]
[BlackTitle "CM"]
[WhiteElo "2272"]
[BlackElo "2037"]
[WhiteFideId "2037602"]
[BlackFideId "14304562"]
[EventDate "2013.12.18"]

1. d4 d5 2. c4 c6 3. Nc3 Nf6 4. e3 a6 5. Nf3 Bf5 6. Qb3 Ra7 7. cxd5 cxd5 8. Ne5
Nc6 9. Bd2 Na5 10. Qa4+ Bd7 11. Nxd7 Nxd7 12. Nxd5 Nc6 13. Rc1 Ndb8 14. Nb4 Qd7
15. d5 Nd8 16. Qxd7+ Nxd7 17. e4 Ra8 18. Be2 e5 19. dxe6 fxe6 20. Nd3 Bd6 21.
O-O Rf8 22. Bc3 g5 23. Bh5+ Nf7 24. e5 Be7 25. f4 Nc5 26. Nxc5 Bxc5+ 27. Kh1 Be3
28. Rce1 gxf4 29. Bb4 Kd7 30. Bxf8 Rxf8 31. Bxf7 1-0